[Event "S&WYM"]
[Site "Millfield School ENG"]
[Date "2002.07.10"]
[Round "1"]
[White "Antal,Ge"]
[Black "Haslinger,S"]
[Result "1-0"]
[WhiteElo "2492"]
[BlackElo "2310"]
[EventDate "2002.07.10"]

1. e4 e5 2. Nf3 Nc6 3. d4 exd4 4. Nxd4 Nf6 5. Nxc6 bxc6 6. Nd2 Bc5 7. Bd3
O-O 8. O-O d5 9. c4 dxe4 10. Nxe4 Nxe4 11. Bxe4 Bxf2+ 12. Kxf2 Qh4+ 13. Ke3
Re8 14. Rf4 Qe7 15. Kf2 g5 16. Bxc6 gxf4 17. Bxe8 Qh4+ 18. Kg1 Bg4 19.
Bxf7+ Kxf7 20. Qd5+ Be6 21. Qe4 Rd8 22. Bxf4 Qh5 23. Re1 Qf5 24. Qxf5+ Bxf5
25. Re5 Be6 26. Rc5 Rd4 27. Rxc7+ Kg6 28. Be3 Rxc4 29. Rxc4 Bxc4 30. b3 Bd5
31. Bxa7 Kf5 32. Kf2 Ke4 33. Ke2 h5 34. Kd2 Kf4 35. g3+ Kg4 36. Bb8 Kh3 37.
Kc3 Bf3 38. a4 Kxh2 39. g4+ Kg2 40. g5 Be4 41. a5 Kf3 42. a6 Kg4 43. Kd4
1-0

[Event "S&WYM"]
[Site "Millfield School ENG"]
[Date "2002.07.10"]
[Round "1"]
[White "Erwich,Frank"]
[Black "Palliser,R"]
[Result "0-1"]
[WhiteElo "2330"]
[BlackElo "2441"]
[EventDate "2002.07.10"]

1. c4 Nc6 2. Nc3 e5 3. g3 g6 4. Bg2 Bg7 5. e4 d6 6. Nge2 f5 7. d3 Nf6 8.
Rb1 O-O 9. b4 fxe4 10. dxe4 Be6 11. Nd5 Nd4 12. Bb2 c6 13. Ne3 Ng4 14. Nxd4
Nxe3 15. Nxe6 Nxg2+ 16. Ke2 Qf6 17. Nxf8 Rxf8 18. f4 Qf7 19. Kf2 Nxf4 20.
Rf1 Nh5+ 21. Kg2 Qxc4 22. Rxf8+ Bxf8 23. Qb3 Qxb3 24. axb3 Nf6 25. Kf3 a6
26. g4 Kf7 27. g5 Nh5 28. Kg4 Ke6 29. b5 axb5 30. Ra1 Nf4 31. Ra8 Be7 32.
Bc1 Nd3 33. Be3 d5 34. exd5+ cxd5 35. Rh8 d4 36. Bg1 Bc5 37. Rxh7 e4 38.
Rg7 Ne5+ 39. Kf4 Kd5 40. Rg8 Bd6 41. Kg3 e3 42. h4 Ke4 0-1

[Event "S&WYM"]
[Site "Millfield School ENG"]
[Date "2002.07.10"]
[Round "1"]
[White "Williams,Si"]
[Black "Koster,R"]
[Result "1/2-1/2"]
[WhiteElo "2421"]
[BlackElo "2226"]
[EventDate "2002.07.10"]

1. c4 Nf6 2. Nc3 c5 3. g3 e6 4. Nf3 b6 5. Bg2 Bb7 6. O-O Be7 7. Re1 Ne4 8.
Qc2 Nxc3 9. dxc3 d6 10. Be3 Qc7 11. Rad1 Nd7 12. Bc1 O-O 13. Ng5 Nf6 14. e4
Rad8 15. f4 h6 16. Nh3 a6 17. Qe2 Rfe8 18. g4 Nh7 19. Rf1 Bc6 20. g5 Bf8
21. gxh6 g6 22. Qg4 Nf6 23. h7+ Kh8 24. Qh4 Nxe4 25. Rde1 f5 26. Bxe4 Bxe4
27. Qf6+ Qg7 28. Qxg7+ Bxg7 29. Ng5 Bd3 30. Rf3 Bxc4 31. Nf7+ Kxh7 32. Nxd8
Rxd8 33. Kf2 e5 34. Rh3+ Kg8 35. Rg1 Bf7 36. fxe5 dxe5 37. Bg5 Rd6 38. Re3
Bxa2 39. Re2 Bb3 40. Rd2 Rxd2+ 41. Bxd2 Kf7 42. Bg5 Bf6 43. h4 a5 44. Ke3
a4 1/2-1/2

[Event "S&WYM"]
[Site "Millfield School ENG"]
[Date "2002.07.10"]
[Round "1"]
[White "Skjoldborg,J DEN"]
[Black "Mah,K"]
[Result "0-1"]
[WhiteElo "2201"]
[BlackElo "2409"]
[EventDate "2002.07.10"]

1. e4 d6 2. Nf3 Nf6 3. Nc3 Bg4 4. d4 e6 5. Bd3 Be7 6. h3 Bh5 7. Qe2 c6 8.
Bd2 d5 9. exd5 cxd5 10. g4 Bg6 11. Ne5 Bxd3 12. Qxd3 O-O 13. O-O-O Nc6 14.
f4 Rc8 15. Kb1 Qc7 16. Rc1 a6 17. g5 Nd7 18. h4 Nb6 19. h5 Bd6 20. g6 fxg6
21. hxg6 h6 22. Nf7 Nc4 23. Nxh6+ gxh6 24. g7 Rf6 25. Be1 Qb6 26. Na4 Qb5
27. Bh4 Nb4 28. Bxf6 Nxd3 29. cxd3 Na3+ 30. Ka1 Nc2+ 31. Rxc2 Rxc2 32. a3
Bxa3 33. Rxh6 Bxb2+ 34. Kb1 Rc1+ 0-1

[Event "S&WYM"]
[Site "Millfield School ENG"]
[Date "2002.07.10"]
[Round "1"]
[White "Gladyszev,O"]
[Black "Trent,L"]
[Result "1-0"]
[WhiteElo "2388"]
[BlackElo "2246"]
[EventDate "2002.07.10"]

1. d4 Nf6 2. c4 c5 3. d5 g6 4. Nc3 d6 5. e4 Bg7 6. h3 O-O 7. Nf3 e6 8. Bd3
exd5 9. exd5 Re8+ 10. Be3 Nh5 11. O-O Nd7 12. g4 Rxe3 13. fxe3 Ng3 14. Rf2
Qe7 15. Kg2 Bxc3 16. bxc3 Ne4 17. Bxe4 Qxe4 18. Qc2 Qxc2 19. Rxc2 b6 20.
Nd2 Ne5 21. a4 Ba6 22. a5 bxa5 23. Ra4 Kg7 24. Kg3 Re8 25. e4 h6 26. Rxa5
Bxc4 27. Rxa7 Rb8 28. Rc7 Rb6 29. Rc6 Nxc6 30. Nxc4 Nd4 31. cxd4 Rb3+ 32.
Kg2 cxd4 33. Rd2 d3 34. Kf2 Kf6 35. Ke3 Rb1 36. Rxd3 Re1+ 37. Kd4 Ke7 38.
e5 dxe5+ 39. Nxe5 h5 40. g5 Rh1 41. Kc5 Rc1+ 42. Nc4 1-0

[Event "S&WYM"]
[Site "Millfield School ENG"]
[Date "2002.07.10"]
[Round "1"]
[White "Jones,G"]
[Black "Middelburg,T"]
[Result "1/2-1/2"]
[WhiteElo "2237"]
[BlackElo "2382"]
[EventDate "2002.07.10"]

1. e4 c5 2. Nc3 Nc6 3. Bb5 e6 4. Bxc6 bxc6 5. f4 c4 6. e5 d5 7. exd6 Qxd6
8. Nf3 Nf6 9. Ne5 Qd4 10. Qf3 Bb7 11. Qe3 Qxe3+ 12. dxe3 Nd5 13. Nxc4 Nxc3
14. bxc3 c5 15. Kf2 Be7 16. Rd1 Bd5 17. Ne5 f6 18. c4 Bb7 19. Nd3 Ba6 20.
Ba3 Rc8 21. Nb2 g5 22. Rd3 Bb7 23. Rad1 Rg8 24. f5 Be4 25. Rd7 Bxc2 26.
R1d2 Bxf5 27. Rxa7 e5 28. Na4 Bf8 29. Nb6 Rc6 30. Nd5 Rg7 31. Ra8+ Kf7 32.
Ke2 Bd6 33. Ra7+ Kg6 34. Rxg7+ Kxg7 35. Nc3 e4 36. h3 Be5 37. Nd5 Be6 38.
Bb2 Bxb2 39. Rxb2 Bxd5 40. cxd5 Rd6 41. a4 Rxd5 42. Rd2 Re5 43. a5 Re7 44.
g4 Ra7 45. Ra2 f5 46. gxf5 Kf6 47. a6 Kxf5 48. Ra5 Kf6 49. Kf2 h6 50. Kg3
c4 51. Rc5 Rxa6 52. Rxc4 Re6 53. h4 gxh4+ 54. Kxh4 Kf5 55. Rc8 Rf6 56. Re8
Rg6 57. Rf8+ Ke5 58. Re8+ Kd5 59. Rd8+ Rd6 60. Rxd6+ Kxd6 61. Kh5 Ke5 62.
Kxh6 Kf6 63. Kh5 Kf5 64. Kh4 Kf6 65. Kg4 Kg6 66. Kf4 1/2-1/2

[Event "S&WYM"]
[Site "Millfield School ENG"]
[Date "2002.07.10"]
[Round "1"]
[White "Pinter,G"]
[Black "Broomfield,M"]
[Result "1-0"]
[WhiteElo "2381"]
[BlackElo "2229"]
[EventDate "2002.07.10"]

1. e4 Nf6 2. e5 Nd5 3. d4 d6 4. Nf3 g6 5. Bc4 c6 6. O-O Bg7 7. Re1 Bg4 8.
h3 Bxf3 9. Qxf3 e6 10. Qg3 dxe5 11. dxe5 b5 12. Bb3 Nd7 13. Nd2 O-O 14. Nf3
Nc5 15. Bg5 Qc7 16. Qh4 Rfe8 17. Rad1 Nd7 18. Qg3 Rac8 19. h4 f6 20. exf6
Qxg3 21. fxg3 N7xf6 22. Ne5 Nb6 23. Rd6 Nc4 24. Nxc4 bxc4 25. Bxc4 Rc7 26.
Rdxe6 Rxe6 27. Rxe6 1-0

[Event "S&WYM"]
[Site "Millfield School ENG"]
[Date "2002.07.10"]
[Round "1"]
[White "Addison,B"]
[Black "Skytte,R"]
[Result "1/2-1/2"]
[WhiteElo "2219"]
[BlackElo "2366"]
[EventDate "2002.07.10"]

1. d4 Nf6 2. c4 c5 3. d5 b5 4. cxb5 a6 5. b6 e6 6. Nc3 Nxd5 7. Nxd5 exd5 8.
Qxd5 Nc6 9. Nf3 Bb7 10. Ne5 Qe7 11. Nxc6 Bxc6 12. Qb3 Rb8 13. a4 c4 14.
Qxc4 Rxb6 15. Bd2 Rxb2 16. Bc3 Rb6 17. e3 Qg5 18. h4 Qg6 19. h5 Rb1+ 20.
Kd2 Qd6+ 1/2-1/2

[Event "S&WYM"]
[Site "Millfield School ENG"]
[Date "2002.07.10"]
[Round "1"]
[White "Martyn,R"]
[Black "Sinkevich,P"]
[Result "0-1"]
[WhiteElo "2201"]
[BlackElo "2337"]
[EventDate "2002.07.10"]

1. d4 d5 2. c4 c6 3. Nc3 Nf6 4. e3 Bf5 5. cxd5 cxd5 6. Qb3 Bc8 7. Nf3 a6 8.
Bd3 e6 9. O-O Nc6 10. Bd2 Be7 11. Rfc1 O-O 12. Na4 Qd6 13. Ne5 Nxe5 14.
dxe5 Qxe5 15. Nb6 Qb8 16. Nxa8 Qxa8 17. Bb4 Bxb4 18. Qxb4 Bd7 19. h3 e5 20.
a4 Qb8 21. Qc3 e4 22. Bf1 Ne8 23. Qd4 Qd6 24. b4 f5 25. Qc5 Qe5 26. Rd1 Be6
27. Qe7 Nd6 28. Rac1 h6 29. Rc5 Re8 30. Qc7 Rf8 31. b5 axb5 32. Bxb5 f4 33.
Bd7 fxe3 34. fxe3 Bxd7 35. Qxd7 Qg3 36. Rcxd5 Rf2 37. Qe6+ Kh7 38. Qxh6+
Kxh6 39. Rxd6+ Kh7 40. Rh6+ gxh6 41. Rd7+ Kg6 42. Rd6+ Kf5 0-1

[Event "S&WYM"]
[Site "Millfield School ENG"]
[Date "2002.07.11"]
[Round "2"]
[White "Palliser,R"]
[Black "Pinter,G"]
[Result "1/2-1/2"]
[WhiteElo "2441"]
[BlackElo "2381"]
[EventDate "2002.07.10"]

1. d4 d5 2. c4 c6 3. Nf3 Nf6 4. e3 a6 5. Nc3 b5 6. b3 Bg4 7. Be2 e6 8. Bb2
Nbd7 9. O-O Qb8 10. cxd5 cxd5 11. h3 Bh5 12. Ne5 Bxe2 13. Qxe2 Bd6 14. Nxd7
1/2-1/2

[Event "S&WYM"]
[Site "Millfield School ENG"]
[Date "2002.07.11"]
[Round "2"]
[White "Mah,K"]
[Black "Dearing,E"]
[Result "1/2-1/2"]
[WhiteElo "2409"]
[BlackElo "2343"]
[EventDate "2002.07.10"]

1. e4 e6 2. d4 d5 3. Nd2 c5 4. exd5 Qxd5 5. Ngf3 cxd4 6. Bc4 Qd6 7. O-O Nc6
8. Nb3 Nf6 9. Nbxd4 Nxd4 10. Nxd4 a6 11. Re1 Qc7 12. Bb3 Bd6 13. Nf5 Bxh2+
14. Kh1 O-O 15. Nxg7 Rd8 16. Qf3 Kxg7 17. Bh6+ Kg6 18. c3 Nh5 19. Bc1 Bf4
20. g4 Ng3+ 21. fxg3 Bxc1 22. Raxc1 b6 23. Bc2+ Kg7 24. Be4 Rb8 25. Rc2 Bb7
26. Rh2 Bxe4 27. Qxe4 Qb7 28. Rxh7+ Kg8 29. Qxb7 Rxb7 30. Rh2 Rd3 31. Kg2
Rbd7 1/2-1/2

[Event "S&WYM"]
[Site "Millfield School ENG"]
[Date "2002.07.11"]
[Round "2"]
[White "Koster,R"]
[Black "Addison,B"]
[Result "1-0"]
[WhiteElo "2226"]
[BlackElo "2219"]
[EventDate "2002.07.10"]

1. Nf3 d5 2. c4 e6 3. g3 dxc4 4. Qa4+ c6 5. Qxc4 b5 6. Qc2 Bb7 7. Bg2 a6 8.
d4 Nd7 9. O-O Ngf6 10. Nbd2 c5 11. dxc5 Bxc5 12. Nb3 Bb6 13. Bf4 Qe7 14.
Ne5 Bxg2 15. Kxg2 Nxe5 16. Bxe5 O-O 17. Qc6 Qd7 18. Qf3 Qd5 19. Bc3 Rfc8
20. Rac1 Qxf3+ 21. Kxf3 Nd5 22. Bd4 Bxd4 23. Nxd4 Kf8 24. h4 Ke8 25. g4 Kd7
26. g5 Nb6 27. Rfd1 Rxc1 28. Rxc1 Nc4 29. b3 Nd6 30. e4 Rc8 31. Rxc8 Nxc8
32. Ke3 Ne7 33. h5 h6 34. f4 f6 35. g6 e5 36. Nf3 exf4+ 37. Kxf4 Ke6 38.
Nd4+ Kd6 39. b4 Kd7 40. e5 Nd5+ 41. Ke4 fxe5 42. Kxd5 exd4 43. Kxd4 Kd6 44.
a3 Ke6 45. Kc5 1-0

[Event "S&WYM"]
[Site "Millfield School ENG"]
[Date "2002.07.11"]
[Round "2"]
[White "Woodward,T"]
[Black "Erwich,Frank"]
[Result "1/2-1/2"]
[WhiteElo "2211"]
[BlackElo "2330"]
[EventDate "2002.07.10"]

1. Nf3 Nf6 2. c4 b6 3. g3 Bb7 4. Bg2 e6 5. O-O Be7 6. Nc3 O-O 7. Re1 c5 8.
e4 d6 9. d4 cxd4 10. Nxd4 Qc8 11. Be3 Nbd7 12. f4 Rd8 13. Rc1 Bf8 14. Bf2
a6 15. b3 g6 16. a4 e5 17. Nc2 Nc5 18. Nb4 Ng4 19. Bh3 Nxf2 20. Bxc8 Nxd1
21. Bxb7 Nxb7 22. Rexd1 Nc5 23. Rb1 exf4 24. gxf4 Bg7 25. Nbd5 Rab8 26. Kg2
Re8 27. Kf3 Ne6 28. Ne2 b5 29. cxb5 axb5 30. a5 b4 31. a6 Ra8 32. Nxb4 Nc5
33. Ng3 Reb8 34. Nc6 Rb6 35. Rxd6 Raxa6 36. Ne7+ Kf8 37. Rxb6 Rxb6 38. Nd5
Rxb3+ 39. Rxb3 Nxb3 40. h3 Ke8 41. f5 Be5 42. fxg6 hxg6 43. Nf1 Kd7 44. Ke3
Ke6 45. Nd2 1/2-1/2

[Event "S&WYM"]
[Site "Millfield School ENG"]
[Date "2002.07.11"]
[Round "2"]
[White "Trent,L"]
[Black "Skjoldborg,J DEN"]
[Result "0-1"]
[WhiteElo "2246"]
[BlackElo "2201"]
[EventDate "2002.07.10"]

1. d4 Nf6 2. Bg5 e6 3. e4 c5 4. d5 Qb6 5. Nc3 Qxb2 6. Bd2 Qb6 7. Bc4 d6 8.
f4 Be7 9. Nf3 O-O 10. O-O Qd8 11. Rb1 exd5 12. Nxd5 Nxd5 13. Bxd5 Nc6 14.
f5 Qc7 15. Bc3 Bf6 16. Bxf6 gxf6 17. Qe1 Kh8 18. Qh4 Qe7 19. Qh6 Rg8 20.
Kh1 Ne5 21. Nxe5 Qxe5 22. Bxf7 Rg7 23. Bd5 Rb8 24. g4 b6 25. g5 Bb7 26.
gxf6 Qxe4+ 0-1

[Event "S&WYM"]
[Site "Millfield School ENG"]
[Date "2002.07.11"]
[Round "3"]
[White "Antal,Ge"]
[Black "Koster,R"]
[Result "1/2-1/2"]
[WhiteElo "2492"]
[BlackElo "2226"]
[EventDate "2002.07.10"]

1. e4 c5 2. Nf3 Nc6 3. d4 cxd4 4. Nxd4 Qb6 5. Nb3 Nf6 6. Nc3 e6 7. Be3 Qc7
8. Bd3 a6 9. f4 d6 10. a4 b6 11. Qf3 Bb7 12. Nd2 d5 13. Ne2 dxe4 14. Nxe4
Nd5 15. Bf2 Ncb4 16. O-O Nxd3 1/2-1/2

[Event "S&WYM"]
[Site "Millfield School ENG"]
[Date "2002.07.11"]
[Round "3"]
[White "Dearing,E"]
[Black "Palliser,R"]
[Result "1/2-1/2"]
[WhiteElo "2343"]
[BlackElo "2441"]
[EventDate "2002.07.10"]

1. c4 e5 2. g3 Nc6 3. Bg2 g6 4. Nc3 Bg7 5. d3 d6 6. Nf3 f5 7. O-O Nf6 8.
Rb1 O-O 9. b4 h6 10. b5 Ne7 11. Nd2 d5 12. cxd5 Nexd5 13. Nxd5 Nxd5 14. Qc2
Be6 15. Nc4 f4 16. Ba3 Rf7 17. Na5 c5 18. Nc4 b6 19. Bb2 Qc7 20. Be4 g5 21.
e3 1/2-1/2

[Event "S&WYM"]
[Site "Millfield School ENG"]
[Date "2002.07.11"]
[Round "3"]
[White "Gladyszev,O"]
[Black "Sinkevich,P"]
[Result "1/2-1/2"]
[WhiteElo "2388"]
[BlackElo "2337"]
[EventDate "2002.07.10"]

1. d4 d5 2. c4 c6 3. Nf3 Nf6 4. Nc3 a6 5. a4 Nbd7 6. cxd5 cxd5 7. Bf4 e6 8.
e3 Ne4 9. Qc2 Bb4 10. Bd3 f5 11. O-O O-O 12. Ne5 g5 13. Nxd7 Bxd7 14. Be5
Rc8 15. Bxe4 fxe4 16. Qb3 Bxc3 1/2-1/2

[Event "S&WYM"]
[Site "Millfield School ENG"]
[Date "2002.07.11"]
[Round "3"]
[White "Williams,Si"]
[Black "Skytte,R"]
[Result "1/2-1/2"]
[WhiteElo "2421"]
[BlackElo "2366"]
[EventDate "2002.07.10"]

1. c4 d6 2. Nc3 e5 3. g3 f5 4. d4 Be7 5. Nf3 e4 6. Ng1 Nf6 7. h4 c5 8. dxc5
dxc5 9. Bf4 Qa5 10. Nh3 Be6 11. e3 Nc6 12. Be2 Rd8 13. Qb3 Qb4 14. O-O h6
15. Rfd1 Kf7 16. Nb5 Rxd1+ 17. Rxd1 Qxb3 18. axb3 Ne8 19. f3 a6 20. Nc3 Rg8
21. h5 exf3 22. Bxf3 Nf6 23. Nf2 Na5 24. Nd3 Re8 25. Nd5 Bxd5 26. cxd5 Nxb3
27. d6 Bd8 28. Bxb7 Na5 29. Bf3 Nc4 30. Bc6 Rf8 31. b3 Na5 32. Ne5+ Ke6 33.
Ng6 Rg8 34. Bf3 Re8 35. d7 Rg8 36. Rd6+ Kf7 37. Rxa6 Nxb3 38. Rxf6+ Kxf6
39. Be5+ Ke6 40. g4 Nd2 41. gxf5+ Kxd7 42. Bd5 Re8 43. Bxg7 Bg5 44. Be6+
Kd6 45. Bf8+ Rxf8 46. Nxf8 1/2-1/2

[Event "S&WYM"]
[Site "Millfield School ENG"]
[Date "2002.07.11"]
[Round "3"]
[White "Skjoldborg,J DEN"]
[Black "Middelburg,T"]
[Result "0-1"]
[WhiteElo "2201"]
[BlackElo "2382"]
[EventDate "2002.07.10"]

1. e4 c5 2. Nf3 Nc6 3. d4 cxd4 4. Nxd4 Qc7 5. Nc3 e6 6. Ndb5 Qb8 7. Be3 Nf6
8. f4 d6 9. g4 a6 10. Bb6 axb5 11. Nxb5 Ra5 12. Nc7+ Kd7 13. Bb5 Qxc7 14.
Bxc7 Rxb5 15. c4 Rc5 16. Bxd6 Bxd6 17. e5 Nxe5 18. fxe5 Rxe5+ 19. Kf2 h5
20. h3 Ke7 0-1

[Event "S&WYM"]
[Site "Millfield School ENG"]
[Date "2002.07.11"]
[Round "3"]
[White "Jones,G"]
[Black "Haslinger,S"]
[Result "1/2-1/2"]
[WhiteElo "2237"]
[BlackElo "2310"]
[EventDate "2002.07.10"]

1. e4 e5 2. Bc4 Nf6 3. d3 Nc6 4. Nf3 Bc5 5. c3 d6 6. Nbd2 O-O 7. Bb3 a6 8.
O-O Ba7 9. Re1 Ng4 10. Re2 Kh8 11. h3 Nh6 12. Nf1 f5 13. Bd5 Qe8 14. Bxh6
gxh6 15. exf5 Bxf5 16. Qd2 Bxh3 17. Qxh6 Bg4 18. N1h2 Bf5 19. d4 Bd3 20.
Rd2 Qg6 1/2-1/2

[Event "S&WYM"]
[Site "Millfield School ENG"]
[Date "2002.07.11"]
[Round "3"]
[White "Erwich,Frank"]
[Black "Broomfield,M"]
[Result "0-1"]
[WhiteElo "2330"]
[BlackElo "2229"]
[EventDate "2002.07.10"]

1. c4 Nf6 2. Nc3 c5 3. Nf3 b6 4. b3 Bb7 5. Bb2 e6 6. g3 Be7 7. Bg2 O-O 8.
O-O d6 9. d4 cxd4 10. Qxd4 a6 11. Rfd1 Nc6 12. Qd2 Qc7 13. Rac1 Ne5 14.
Nxe5 dxe5 15. Bxb7 Qxb7 16. Qe3 Bc5 17. Qf3 e4 18. Qg2 b5 19. Nb1 Ng4 20.
Bd4 Rac8 21. Bxc5 Rxc5 22. Nd2 f5 23. b4 Rc7 24. c5 e3 25. Qxb7 exf2+ 26.
Kg2 Rxb7 27. Nf1 Kf7 28. Rc3 Ke7 29. Rd6 Ra8 30. Nd2 a5 31. bxa5 Rxa5 32.
h3 Nf6 33. Nb3 Ra3 34. Rc2 e5 35. Rd1 Rd7 36. Rxd7+ Kxd7 37. Kxf2 Kc6 38.
Kf3 Ne4 39. g4 g6 40. e3 b4 41. gxf5 gxf5 42. Rg2 Kd5 43. Rb2 Ra6 44. Kg2
Kc4 45. c6 Kd3 46. Rd2+ Kxe3 47. c7 Rg6+ 48. Kh1 Rc6 49. Rd7 f4 50. Re7 f3
51. Rxe5 f2 52. Kg2 Rg6+ 53. Kh2 f1=Q 54. Rxe4+ Kxe4 55. Nd2+ Kd3 56. Nxf1
Rc6 0-1

[Event "S&WYM"]
[Site "Millfield School ENG"]
[Date "2002.07.11"]
[Round "3"]
[White "Martyn,R"]
[Black "Woodward,T"]
[Result "1-0"]
[WhiteElo "2201"]
[BlackElo "2211"]
[EventDate "2002.07.10"]

1. d4 d5 2. c4 c6 3. Nc3 Nf6 4. e3 g6 5. Nf3 Bg7 6. Bd3 Bg4 7. O-O O-O 8.
h3 Bxf3 9. Qxf3 Re8 10. Rd1 e6 11. Bf1 Nbd7 12. e4 dxe4 13. Nxe4 Nxe4 14.
Qxe4 c5 15. Be3 Qc7 16. Rd2 cxd4 17. Bxd4 e5 18. Be3 Nf6 19. Qh4 Rad8 20.
Rad1 Rxd2 21. Rxd2 Rd8 22. Rxd8+ Qxd8 23. Bg5 Qb6 24. c5 Qc6 25. b4 Nd5 26.
Qc4 Bf8 27. Be2 b5 28. Qe4 Qe6 29. Bxb5 Nc3 30. Qc4 Nxb5 31. Qxb5 Qxa2 32.
Qd7 e4 33. c6 Qa1+ 34. Kh2 Qe5+ 35. g3 Qxg5 36. c7 Qf6 37. Kg1 e3 38. fxe3
Qc3 39. Kf2 Qf6+ 40. Ke2 Qa6+ 41. b5 Qa2+ 42. Kf3 1-0

[Event "S&WYM"]
[Site "Millfield School ENG"]
[Date "2002.07.11"]
[Round "3"]
[White "Addison,B"]
[Black "Trent,L"]
[Result "0-1"]
[WhiteElo "2219"]
[BlackElo "2246"]
[EventDate "2002.07.10"]

1. d4 Nf6 2. c4 c5 3. d5 a6 4. f3 d6 5. e4 g6 6. Nc3 Bg7 7. Nge2 b5 8. cxb5
axb5 9. Nxb5 Ba6 10. Nec3 O-O 11. a4 Nbd7 12. Be2 Qa5 13. O-O Rfc8 14. Ra3
c4 15. Be3 Nc5 16. Qc2 Nd3 17. Bxd3 cxd3 18. Qxd3 Nd7 19. Bd4 Ne5 20. Qd1
Qb4 21. Rb3 Qc4 22. Be3 Nd3 23. Qc2 f5 24. exf5 gxf5 25. Rd1 Nb4 26. Rxb4
Qxb4 27. Qf2 Rc4 28. Kh1 Bxb5 29. axb5 f4 30. Bb6 Qb3 31. Re1 Rb4 32. h4
Qxb2 33. Qxb2 Rxb2 0-1

[Event "S&WYM"]
[Site "Millfield School ENG"]
[Date "2002.07.11"]
[Round "2"]
[White "Sinkevich,P"]
[Black "Antal,Ge"]
[Result "0-1"]
[WhiteElo "2337"]
[BlackElo "2492"]
[EventDate "2002.07.10"]

1. e4 c5 2. Nf3 e6 3. d4 cxd4 4. Nxd4 Nf6 5. Nc3 d6 6. g3 Be7 7. Bg2 O-O 8.
O-O a6 9. a4 Qc7 10. h3 Nc6 11. Nde2 b6 12. g4 Bb7 13. Ng3 Nd7 14. g5 Rfe8
15. Kh1 Bf8 16. f4 Nb4 17. Be3 Rad8 18. Rc1 Nc5 19. Qg4 g6 20. Bd4 Nd7 21.
Bf6 Nxf6 22. gxf6 Qc5 23. Bf3 Nc6 24. Nge2 Nb8 25. Rg1 Nd7 26. Qh4 e5 27.
f5 Qe3 28. Rcf1 Qh6 29. Qxh6 Bxh6 30. fxg6 hxg6 31. Bg4 Nc5 32. Bf3 Re6 33.
Bg4 Nxe4 34. Bxe6 Ng3+ 35. Kh2 Nxf1+ 36. Rxf1 fxe6 37. f7+ Kg7 38. h4 Rf8
39. Kg3 Rxf7 40. Rxf7+ Kxf7 41. Kg4 d5 42. Ng3 Bd2 43. Nce2 e4 44. h5 gxh5+
45. Nxh5 Bc8 46. Nhg3 Kf6 47. Nh5+ Ke5 48. c3 Kd6 49. Nhg3 Bd7 50. b3 Be8
51. Nf1 Be1 52. Kg5 b5 53. axb5 Bxb5 54. Nfg3 Bd3 55. Kf4 Bd2+ 56. Kg4 a5
57. Kh3 Be3 58. Kg4 Bf2 59. Kf4 Bc2 60. c4 Bxb3 61. cxd5 exd5 62. Nf5+ Kc5
63. Ke5 a4 0-1

[Event "S&WYM"]
[Site "Millfield School ENG"]
[Date "2002.07.11"]
[Round "2"]
[White "Skytte,R"]
[Black "Gladyszev,O"]
[Result "1-0"]
[WhiteElo "2366"]
[BlackElo "2388"]
[EventDate "2002.07.10"]

1. e4 c5 2. c3 Nf6 3. e5 Nd5 4. d4 cxd4 5. Nf3 Nc6 6. Bc4 Nb6 7. Bb3 g6 8.
Ng5 d5 9. exd6 e6 10. Qf3 Ne5 11. Qg3 Bg7 12. O-O O-O 13. cxd4 Nc6 14. Rd1
h6 15. Nf3 Na5 16. Bc2 Bd7 17. Ne5 Rc8 18. Be4 Nd5 19. Qh3 Nf6 20. Bd3 h5
21. Nc3 Be8 22. Bg5 Qxd6 23. Qh4 Nd5 24. Nxd5 Qxd5 25. Be7 Bc6 26. Nxc6
Nxc6 27. Bxf8 Rxf8 28. Be4 Qd6 29. d5 Nd4 30. dxe6 Qxe6 31. Bd3 b6 32. Qe4
Qxe4 33. Bxe4 Re8 34. Bd3 Ne6 35. Rab1 Rc8 36. b3 a5 37. Kf1 Bf6 38. Rbc1
Nc5 39. Bc4 Rc6 40. Re1 Kg7 41. Rcd1 Rc7 42. Rd6 Rb7 43. Bd5 Rb8 44. a3 b5
45. Rc6 Nd3 46. Rd1 Ne5 47. Rc7 Bd8 48. Rb7 Rxb7 49. Bxb7 Bc7 50. h3 g5 51.
Rd5 b4 52. axb4 axb4 53. Rd4 Bb6 54. Rd5 Bc7 55. Ke2 Kf6 56. Rd4 Ba5 57. h4
g4 58. Rd6+ Kg7 59. Be4 Bc7 60. Rd4 Ba5 61. f4 gxf3+ 62. Bxf3 Kg6 63. Rd5
Bc7 64. Rb5 Kf5 65. Rxb4 Ng6 66. Be4+ Ke5 67. Bxg6 fxg6 68. Kf3 Bd8 69. g3
1-0

[Event "S&WYM"]
[Site "Millfield School ENG"]
[Date "2002.07.11"]
[Round "2"]
[White "Middelburg,T"]
[Black "Williams,Si"]
[Result "1/2-1/2"]
[WhiteElo "2382"]
[BlackElo "2421"]
[EventDate "2002.07.10"]

1. e4 c5 2. Nf3 d6 3. d4 Nf6 4. Nc3 cxd4 5. Nxd4 g6 6. Bc4 Bg7 7. O-O Nc6
8. Re1 O-O 9. h3 a6 10. Bb3 Bd7 11. Bg5 h6 12. Be3 Kh7 13. Qf3 Rc8 14. Rad1
Ne5 15. Qe2 b5 16. Bc1 Nc4 17. Nd5 Rc5 18. c3 Re8 19. Nf3 Bc6 20. Nxf6+
exf6 21. Qd3 Qa8 22. Bxc4 Rxc4 23. Nd2 Rc5 24. Qxd6 Rce5 25. Nf3 R5e6 26.
Qg3 Bxe4 27. Nd4 R6e7 28. f3 Bb7 29. Rxe7 Rxe7 30. Re1 Qe8 31. Rxe7 Qxe7
32. Qf2 f5 33. Ne2 Bd5 34. b3 a5 35. Be3 a4 36. Nf4 Qb7 37. Nxd5 Qxd5 38.
Qc2 Qe5 39. Kf2 Bf6 40. f4 Bh4+ 41. Ke2 Qe6 42. bxa4 Qc4+ 43. Kd2 bxa4 44.
Bd4 Bg3 45. Ke3 h5 46. Qb2 Qc6 47. Qc2 f6 48. c4 Qe6+ 49. Kf3 h4 50. c5 g5
51. fxg5 fxg5 52. Bf2 Qd5+ 53. Ke2 Qe5+ 54. Kf1 Qa1+ 55. Ke2 Qe5+ 56. Kf1
Kg6 57. Bxg3 hxg3 58. c6 Qf4+ 59. Ke1 Qe3+ 60. Kf1 Qf4+ 61. Ke2 Qe5+ 62.
Kd2 Qd4+ 63. Ke2 1/2-1/2

[Event "S&WYM"]
[Site "Millfield School ENG"]
[Date "2002.07.11"]
[Round "2"]
[White "Broomfield,M"]
[Black "Jones,G"]
[Result "1/2-1/2"]
[WhiteElo "2229"]
[BlackElo "2237"]
[EventDate "2002.07.10"]

1. d4 Nf6 2. Nf3 c5 3. d5 b5 4. Bg5 d6 5. Bxf6 exf6 6. e4 a6 7. c4 f5 8.
exf5 bxc4 9. Qe2+ Qe7 10. f6 Qxe2+ 11. Bxe2 Nd7 12. fxg7 Bxg7 13. Nc3 Nb6
14. Nd2 O-O 15. Nxc4 Nxc4 16. Bxc4 Rb8 17. O-O-O Bf5 18. Bd3 Bxd3 19. Rxd3
Rfe8 20. Rhd1 Bd4 21. R1d2 Re1+ 22. Kc2 Ra1 23. Rd1 Rxa2 24. Rg3+ Kf8 25.
Rb1 Bxc3 26. Rxc3 Ra4 27. Rd1 Rab4 28. b3 a5 29. Rh3 c4 30. bxc4 Rxc4+ 31.
Kd3 Rc5 32. Rxh7 Rxd5+ 33. Ke4 Re5+ 34. Kf4 Rb4+ 35. Kf3 Rb3+ 36. Kg4 Re6
37. g3 Rg6+ 38. Kh3 a4 39. Rh8+ Kg7 40. Ra8 a3 41. Rd2 d5 42. Rxd5 1/2-1/2

[Event "S&WYM"]
[Site "Millfield School ENG"]
[Date "2002.07.11"]
[Round "2"]
[White "Haslinger,S"]
[Black "Martyn,R"]
[Result "1/2-1/2"]
[WhiteElo "2310"]
[BlackElo "2201"]
[EventDate "2002.07.10"]

1. e4 d5 2. exd5 Qxd5 3. Nc3 Qa5 4. d4 Nf6 5. Nf3 c6 6. Bc4 Bf5 7. Bd2 e6
8. Ne4 Qc7 9. Nxf6+ gxf6 10. Qe2 Nd7 11. O-O-O O-O-O 12. Nh4 Bg6 13. c3 Kb8
14. g3 Nb6 15. Bb3 c5 16. Bf4 Bd6 17. Nxg6 hxg6 18. Bxd6 Rxd6 19. dxc5 Qxc5
20. Rxd6 Qxd6 21. h4 Qc7 22. Qf3 f5 23. Rd1 Nd7 24. Qe3 Ne5 25. Qd4 Rc8 26.
Ba4 Qc5 27. Qxc5 Rxc5 28. Rd8+ Rc8 29. Rxc8+ Kxc8 30. Kd2 Kc7 31. Be8 Kd8
32. Bb5 Ng4 33. f3 Nf6 34. Ke3 Ke7 35. Be2 Kd6 36. Bd1 b6 37. Kd4 e5+ 38.
Ke3 f4+ 39. Kf2 fxg3+ 40. Kxg3 Nh5+ 41. Kg4 f6 42. Bb3 Nf4 43. Bf7 Ke7 44.
Bc4 Kf8 45. Kg3 f5 46. Bb5 Ke7 47. Bc4 Kd6 48. Bf7 Ke7 49. Bc4 Kf6 50. Kf2
e4 51. fxe4 fxe4 52. Bb5 Kf5 53. Bd7+ Ke5 54. Be8 Kf6 55. Bc6 Ke5 56. Be8
Nd3+ 57. Ke3 Nf4 1/2-1/2

[Event "S&WYM"]
[Site "Millfield School ENG"]
[Date "2002.07.12"]
[Round "4"]
[White "Mah,K"]
[Black "Antal,Ge"]
[Result "1-0"]
[WhiteElo "2409"]
[BlackElo "2492"]
[EventDate "2002.07.10"]

1. c4 f5 2. g3 Nf6 3. Bg2 g6 4. Nc3 Bg7 5. d3 d6 6. e4 Nc6 7. Nge2 e5 8.
O-O O-O 9. Nd5 h6 10. h3 Be6 11. Be3 Qd7 12. Kh2 Nd8 13. Qd2 Kh7 14. exf5
Bxf5 15. Rad1 c5 16. f4 Nxd5 17. cxd5 Qe7 18. fxe5 dxe5 19. g4 Bd7 20. Rxf8
Bxf8 21. Ng3 Rc8 22. Ne4 Nf7 23. Rf1 b6 24. d6 Nxd6 25. Nf6+ Kh8 26. Bxh6
Nf7 27. Bxf8 Rxf8 28. Qf2 Kg7 29. Nxd7 Qxd7 30. Qf6+ Kh7 31. Be4 1-0